| 000 | 01524nam0a2200337 i 4500 | ||
|---|---|---|---|
| 001 | RU\NLR\BIBL_A\010750857 | ||
| 005 | 20240921220320.0 | ||
| 010 |
_a9785742246985 _9500 |
||
| 021 |
_aRU _b2015-21108 _91261 |
||
| 035 | _a(NILC)RuMoRGB-007894230 | ||
| 035 | _a(NLR Aleph) 010750857 | ||
| 090 |
_a9940432 _c9940432 |
||
| 100 | _a20150512d2014 k y0rusy50 ca | ||
| 101 | 0 | _arus | |
| 102 | _aRU | ||
| 105 | _aa|||z||||||y| | ||
| 200 | 1 |
_aМуниципально-частное партнерство как механизм повышения качества и доступности услуг сферы физической культуры _fГ. З. Аронов |
|
| 210 |
_aСанкт-Петербург _cИзд-во Политехнического университета _d2014 |
||
| 215 |
_a146 с. _cил., табл. _d20 |
||
| 320 | _aБиблиогр.: с. 102-105 (74 назв.) | ||
| 606 | 1 |
_aСоциальная политика _yРоссийская Федерация _92073979 _3RU\NLR\AUTH\661248939 |
|
| 606 | 1 |
_aФизическая культура и спорт _xСоциальные проблемы _92070452 _3RU\NLR\AUTH\661245172 |
|
| 610 | 0 | _aсоциальные услуги сферы физической культуры и спорта | |
| 686 | 1 | _aУ27(2)2 | |
| 686 | 1 | _aЧ511.05 | |
| 700 | 1 |
_aАронов _bГ. З. _gГеоргий Зиновьевич |
|
| 801 | 0 |
_aRU _bРГБ _c20150323 _gRCR |
|
| 942 | _cBOOK | ||
| 980 | _aNBR | ||